Peer-to-peer computing (Record no. 16516)
[ view plain ]
| 000 -LEADER | |
|---|---|
| fixed length control field | 00680nam a22001577a 4500 |
| 008 - FIXED-LENGTH DATA ELEMENTS--GENERAL INFORMATION | |
| fixed length control field | 170926b xxu||||| |||| 00| 0 eng d |
| 020 ## - INTERNATIONAL STANDARD BOOK NUMBER | |
| International Standard Book Number | 1846283817 |
| 040 ## - CATALOGING SOURCE | |
| Original cataloging agency | KABU |
| Transcribing agency | KABU |
| 050 ## - LIBRARY OF CONGRESS CALL NUMBER | |
| Classification number | KTC TK5105.525 |
| Item number | .L66 2007 |
| 100 ## - MAIN ENTRY--PERSONAL NAME | |
| Personal name | Loo, Alfred Wai-sing |
| 245 ## - TITLE STATEMENT | |
| Title | Peer-to-peer computing |
| Remainder of title | building supercomputers with web technologies |
| Statement of responsibility, etc. | by Alfred Wai-sing Loo |
| 260 ## - PUBLICATION, DISTRIBUTION, ETC. (IMPRINT) | |
| Place of publication, distribution, etc. | ? |
| Name of publisher, distributor, etc. | Springer |
| Date of publication, distribution, etc. | 2007 |
| 300 ## - PHYSICAL DESCRIPTION | |
| Extent | x, 268 p. |
| 650 ## - SUBJECT ADDED ENTRY--TOPICAL TERM | |
| Source of heading or term | |
| Topical term or geographic name as entry element | Peer-to-peer architecture (computer networks) |
| 942 ## - ADDED ENTRY ELEMENTS (KOHA) | |
| Source of classification or shelving scheme | Library of Congress Classification |
| Koha item type | General Collection |
| Classification part | KTC TK5105.525 .L66 2007 c.1 |
| Withdrawn status | Lost status | Source of classification or shelving scheme | Not for loan | Home library | Current library | Shelving location | Date acquired | Cost, normal purchase price | Inventory number | Total Checkouts | Full call number | Barcode | Date last seen | Date last checked out | Copy number | Price effective from | Koha item type |
|---|---|---|---|---|---|---|---|---|---|---|---|---|---|---|---|---|---|
| Library of Congress Classification | Kabarak, Main Campus | Kabarak, Main Campus | General Stacks | 26/09/2017 | 8336.21 | 2017/0246 | TK5105.525 .L66 2007 C.1 | 027568 | 26/09/2017 | C.1 | 26/09/2017 | General Collection | |||||
| Library of Congress Classification | Kabarak, Nakuru City Campus | Kabarak, Nakuru City Campus | General Stacks | 26/09/2017 | 8336.21 | 2017/0246 | 2 | KTC TK5105.525 .L66 2007 C.1 | 027552 | 17/03/2020 | 29/02/2020 | C.1 | 26/09/2017 | General Collection |